| 000 | 02000cam a2200613 a 4500 | ||
|---|---|---|---|
| 001 | 22737 | ||
| 003 | SK-KTurca | ||
| 005 | 20260421163823.0 | ||
| 008 | 240226s1970 xo 000 f slo | ||
| 015 | _aSNBA1970/08-01893 | ||
| 020 | _q(viaz.) | ||
| 035 | _aSNK000407348 | ||
| 035 | _aEDDCFFC0-5906-465C-A709-2E58561A9FD5 | ||
| 035 | _aurn:nbn:sk:snk-am00ik7h | ||
| 040 |
_aSNK _bslo _cSNK _eAACR2 |
||
| 041 | 1 |
_aslo _hsrp |
|
| 044 |
_axo _cSK |
||
| 072 | 7 |
_a821.163 _xJužnoslovanské literatúry _2konspekt |
|
| 080 |
_a821.163.41-31 _22011 |
||
| 080 |
_a821.163.41-32 _22011 |
||
| 100 | 1 |
_aAndrić, Ivo, _d1892-1975 _4aut |
|
| 245 | 1 | 0 |
_aMost na Drine a iné prózy _cIvo Andrić ; zo srbochorvátskych originálov preložili Tomáš Štrba, Andrej Vrbacký a Branislav Choma ; doslov napísal a chronológiu zostavil Branislav Choma |
| 250 | _a1. vyd. | ||
| 260 |
_aBratislava _bSlovenský spisovateľ _c1970 _eMartin _fTlačiarne SNP |
||
| 300 |
_a754 s. _c8° |
||
| 366 | _e27000 výtl. | ||
| 490 | 1 | _aKnižnica Nobelových cien | |
| 655 | 7 |
_asrbské romány _2SNKPH |
|
| 655 | 7 |
_asrbské poviedky _2SNKPH |
|
| 655 | 7 |
_aSerbian fiction _2SNKPHeng |
|
| 655 | 7 |
_aSerbian short stories _2SNKPHeng |
|
| 700 | 1 |
_aVrbacký, Andrej, _d1908-1974 _4trl |
|
| 700 | 1 |
_aChoma, Branislav, _d1924-2007 _4trl _4aft _4com |
|
| 700 | 1 |
_aŠtrba, Tomáš, _4trl |
|
| 740 | 0 | 2 | _aPrekliaty dvor |
| 740 | 0 | 2 | _aCesta Aliju Djerzeleza |
| 740 | 0 | 2 | _aČorkan a Švábka |
| 740 | 0 | 2 | _aMustafa Maďar |
| 740 | 0 | 2 | _aMost na Žepe |
| 740 | 0 | 2 | _aMara milostnica |
| 740 | 0 | 2 | _aAnikine časy |
| 740 | 0 | 2 | _aSvadba |
| 740 | 0 | 2 | _aSmrť v Sinanovom kláštore |
| 740 | 0 | 2 | _aOlujaky |
| 740 | 0 | 2 | _aOslava |
| 740 | 0 | 2 | _aSmäd |
| 740 | 0 | 2 | _aRozprávka o vezírovom slonovi |
| 740 | 0 | 2 | _aLetovanie na juhu |
| 740 | 0 | 2 | _aŽena na kameni |
| 740 | 0 | 2 | _aJelena, žena nejestvujúca |
| 830 | 0 | _aKnižnica Nobelových cien | |
| 942 |
_2ddc _cKLDO _n0 |
||
| 999 |
_c22737 _d22737 |
||